000 01269nam a2200277Ia 4500
008 180910s9999 xx 000 0 und d
100 1 _aApikian, Gacia
_gMasters in Business Administration, (M.B.A.)
245 1 0 _aOnline marketing: implications for nonprofit NGOs in the education sector of Lebanon : case study : Paradis d'enfants elementary school
260 _aBeirut
_bNotre Dame University- Faculty of Business Administration and Economics
_c2014
300 _a148 pages
500 _aالنوع : Mémoire
650 4 _aEducation et la technologie
650 4 _aEtablissement scolaire et organisations civiques
650 4 _aICT and Education
650 4 _aParadis d'enfants elementary school
650 4 _aParadis d'enfants elementary school
650 4 _aParadis d'enfants elementary school
650 4 _aPrivate sector Elementary Education
650 4 _aSchool and civic organizations
650 4 _aSecteur Privé Cycle primaire
650 4 _aالتعليم الخاص المرحلة الابتدائية
650 4 _aالتعليم والتكنولوجيا
650 4 _aالمدرسة والهيئات المدنية
856 _uhttp://webview.ndu.edu.lb/webview?infile=details.glu&loid=395131&rs=80858&hitno=298
942 _cLAESDATA
999 _c20724
_d20724